Modern poetry
Salvato in:
| Autori principali: | , , |
|---|---|
| Natura: | Libro |
| Lingua: | inglese |
| Pubblicazione: |
Nueva York
Prentice-Hall
1950
|
| Serie: | English Masterpieces, 7
|
| Soggetti: | |
| Tags: |
Aggiungi Tag
Nessun Tag, puoi essere il primo ad aggiungerne!!
|
MARC
| LEADER | 00000nam a2200000 a 4500 | ||
|---|---|---|---|
| 001 | UCQ3724 | ||
| 003 | CL-VaPUC | ||
| 008 | 980828e19500000US |||||||||||||||||eng|d | ||
| 082 | 0 | 4 | |a 821.08 |b MAC |2 21 |
| 100 | |a Mack, Maynard |e autor |9 417975 | ||
| 700 | 0 | |a Dean, Leonard |e author |9 417976 | |
| 700 | 0 | |a Frost, William |e author |9 417977 | |
| 245 | 1 | 0 | |a Modern poetry |
| 300 | |a 312 p | ||
| 942 | |c BK | ||
| 945 | |d 19980828 00:00:00 |a crobeson | ||
| 260 | |a Nueva York |b Prentice-Hall |c 1950 | ||
| 650 | 0 | |a Poesías inglesas |9 265094 | |
| 650 | 0 | |a Literatura inglesa |9 312907 | |
| 650 | 0 | |a Antologías |9 309836 | |
| 583 | |a last modification |c 19980828 00:00:00 |k Rodrigo Vera | ||
| 490 | 0 | |a English Masterpieces, 7 | |
| 999 | |c 274240 |d 274238 | ||
| 952 | |0 0 |1 0 |4 0 |6 821_080000000000000_MAC_1950 |7 0 |8 A |9 310365 |a BIBEDU |b BIBEDU |d 2019-11-20 |i 1457497 |o 821.08 MAC 1950 |p 1457497 |r 2019-11-20 |w 2019-11-20 |y BK |k LIT | ||